000 00513cam a2200205 4500
008 090401t1988 xxu||||| |||| 00| 0 eng d
020 _a0333363515
035 _a(Sirsi) u63356
041 _aeng
050 _a333.3321
100 _aRayner, Michael
245 _aAsset valuation
260 _aBasingstoke,Hants
_bMacmillan Education
_c1988
300 _aix,58p. ; 24cm.
350 _a5.95
490 _aMacmillan Building and Surveying Series
650 _aASSETS
942 _n0
948 _c04/03/1997
999 _c94537
_d94537